Chladicí technika v potravinářství

Gespeichert in:
Bibliographische Detailangaben
1. Verfasser: Ibl, Vladimír (Verfasst von)
Format: Buch
Sprache:Tschechisch
Veröffentlicht: Praha : SNTL, 1971
Ausgabe:1. vyd.
Schlagworte:
Tags: Tag hinzufügen
Keine Tags, Fügen Sie das erste Tag hinzu!

MARC

LEADER 00000nam a22000003a 4500
001 stu83573
005 20150617225636.5
008 040130s1971----cs------------------cze-d
040 |a STU  |b slo 
041 0 |a cze 
044 |a cs 
080 |a 621.565 
080 |a 664.8.037 
100 1 |a Ibl, Vladimír  |4 aut 
245 1 |a Chladicí technika v potravinářství 
250 |a 1. vyd. 
260 |a Praha :  |b SNTL,  |c 1971 
300 |a 451 s 
650 7 |a chladenie potravín  |2 stusub 
996 |b 284J015944  |c J*25462  |l JJSK  |s A  |a 24  |w stu83573_0001